แสดงรายละเอียดบรรณานุกรม
  กลับหน้าหลัก

Brief Record : Get Marc (ISO 2709) : E-mail record : QR code ปิดหน้าต่าง
LEADER 00000nam 2200000uu 4500
001    208153
003     ULIBM
008    120918s2555||||th 000 0 tha d
040    ^abcnkk
041 0  ^atha
050  0 ^aLB1131 พ271ร 2555
100 0  ^aพรรณิภา ทองณรงค์...[และคนอื่นๆ].
245 00 ^aรายงานสรุปโครงการการประเมินผล ผลการพัฒนาสมรรถนะและอัตลักษณ์ตามคุณลักษณะพยาบาลชุมชน เพื่อชุมชน ของชุมชน โดยชุมชน จังหวัดขอนแก่น./^bพรรณิภา ทองณรงค์...[และคนอื่นๆ].
260    ^aขอนแก่น : ^bวิทยาลัยพยาบาลบรมราชชนนี ขอนแก่น,^c2555.
300    ^aจำนวน 68 หน้า;^bภาพประกอบ.
650  0 ^aพยาบาล
650  0 ^aการพัฒนาสมรรถนะ.
650  0 ^aการประเมินผล.
650  0 ^aวิทยาลัยพยาบาลบรมราชชนนี ขอนแก่น ^xรายงานสรุปโครงการ.
700 0  ^aพรรณิภา ทองณรงค์.
710 1  ^aขอนแก่น. วิทยาลัยพยาบาลบรมราชชนนี.
999    ^aใช้งานได้ทุกระบบ
รายการนี้ยังไม่มีแท็ก
คุณยังไม่ได้ล็อกอิน คุณสามารถมีกิจกรรมร่วมกับเว็บไซต์ได้ แต่ต้องล็อกอินก่อน ::
  ล็อกอิน
ลำดับที่ ประเภท เลขเรียก สถานที่ สถานะ
1. หนังสือทั่วไป
หนังสือทั่วไป
สถานะ=หนังสือเก่า - บริการ ณ ห้องสมุด (ห้องเหลือง)
LB1131 พ271ร 2555  
  
หนังสือทั่วไป On Shelf
  ขอยืม
Note:บริจาค
2. หนังสือทั่วไป
หนังสือทั่วไป
สถานะ=หนังสือเก่า - บริการ ณ ห้องสมุด (ห้องเหลือง)
LB1131 พ271ร 2555 ฉ.2 
  
หนังสือทั่วไป On Shelf
  ขอยืม
Note:บริจาค
   [แสดง 2/2 รายการ]

รายการใกล้เคียง
    ผู้แต่ง [พรรณิภา ทองณรงค์...[และคนอื่นๆ].]

    หัวเรื่อง [พยาบาล]
    หัวเรื่อง [การพัฒนาสมรรถนะ.]
    หัวเรื่อง [การประเมินผล.]

BibComment


ยังไม่เคยถูกคอมเมนท์

คอมเมนท์ทรัพยากรรายการนี้
  คอมเมนท์: รายงานสรุปโครงกา..
Bib 208153

 
 
 

 Union Library Management : ULibM
Copyright 2026. All Rights Reserved.
скачать бесплатно без регистрации порно красивый секс HD Sex Hindi sex

xxx gou

xxxx

bfxxx

xxxwww

Секса Видео

xxxx

Секса Видео

detube

geilexxx

C99 Shell

worms shell

blod xxx video
Ebony Coed Rihanna Rimes Takes A Dick In Her Young Twat priyaa indian fuck anal and pusssy hardcore indian women xxx desi hardcore fucking part 1 bengalixxxcouple